O Natal do Sr. Scrooge; | Os sinos de Ano Novo (Registo nº 1977)

Detalhes MARC
000 -Etiqueta do registo
Cabeçalho 01077nam a22003371 4500
005 - Identificador da versão
Campo de controlo 20240813121921.0
095 ## -
-- PTBN00037235
021 ## - Número do Depósito Legal
Código do país PT
100 ## - Dados gerais de processamento
Dados gerais de processamento 20070620d1982 am y0pory5003 ba
102 ## - Pais de publicação ou produção
País de publicação Portugal
101 1# - Língua de publicação
Língua do texto, banda sonora, etc. Português
Língua do documento no original Inglês
106 ## - Campo de dados codificados: material textual
Dados codificados do material textual r
105 ## - Campo de dados codificados: livros
Dados codificados dos livros y z 001fy
215 ## - Descrição física 
Indicação específica da natureza do documento e extensão da espécie 166 p.
Dimensões 18 cm
200 1# - Titulo e menção de responsabilidade
Título próprio O Natal do Sr. Scrooge;
-- Os sinos de Ano Novo
Primeira menção de responsabilidade Charles Dickens
Outras menções de responsabilidade trad. Lucília Filipe, edit. Francisco Lyon de Castro
225 2# - Colecção 
Título próprio da colecção Livros de bolso Europa-América
Indicação de volume 220
210 ## - Publicação, Distribuição, etc. 
Lugar da edição, distribuição, etc. Mem Martins
Nome do editor, distribuidor, etc. Europa-América
Data da publicação, distribuição, etc. [D.L. 1982]
304 ## - Notas relativas a título e menção de responsabilidade 
Texto da nota Tít. orig.: A Christmas carol; The chimes
532 12 - Título desenvolvido
Expanded Title <Os >sinos de Ano Novo
517 1# - Outras variantes do título
Variant Title <O >Natal do Senhor Scrooge
606 ## - Nome comum usado como assunto
Número de registo de entrada de autoridade 0000634
Palavra de ordem Literatura estrangeira juvenil
Subdivisão de assunto Conto
675 ## - Classificação Decimal Universal (CDU)
Notação 82-34
Edição
Língua da edição por
702 #1 - Nome de autor-pessoa física (responsabilidade secundária)
Número de registo de entrada de autoridade 0000636
Palavra de ordem Filipe
Outra parte do nome não tomada para palavra de ordem Lucília
Código de função Tradutor
Número de registo de entrada de autoridade 0000637
Palavra de ordem Castro
Outra parte do nome não tomada para palavra de ordem Francisco Lyon de
Código de função Editor literário / Coordenador
700 #1 - Nome de autor-pessoa física (responsabilidade principal)
Número de registo de entrada de autoridade 0000635
Palavra de ordem Dickens
Outra parte do nome não tomada para palavra de ordem Charles
Datas 1812-1870
942 ## - Elementos de entrada adicionados (Koha)
Tipo de item no Koha Livro
Exemplares
Situação do levantamento Origin of item (home branch) (coded) Biblioteca de empréstimo Código de barras Cota Circulation type (not for loan) Tipo de documento Nota do exemplar Damaged status
  Biblioteca Escolar da Coca Maravilhas Biblioteca Escolar da Coca Maravilhas BECM3560/98 8EST DIC   Livro Sem mensagem